F1 2023 Driver Numbers Whammie - Statistics

General Stats
  • This quiz has been taken 27 times
  • The average score is 14 of 20
Answer Stats
Team Driver Number % Correct
Red Bull Max Verstappen 1
90%
Ferrari Charles Leclerc 16
86%
Mercedes Lewis Hamilton 44
86%
McLaren Lando Norris 4
81%
Ferrari Carlos Sainz 55
81%
Mercedes George Russell 63
81%
Red Bull Sergio Pérez 11
76%
Aston Martin Fernando Alonso 14
76%
McLaren Oscar Piastri 81
76%
Aston Martin Lance Stroll 18
71%
Alfa Romeo Valtteri Bottas 77
71%
Alpine Pierre Gasly 10
67%
Alpha Tauri Yuki Tsunoda 22
67%
Williams Alexander Albon 23
67%
Alpine Esteban Ocon 31
67%
Williams Logan Sargeant 2
62%
Haas Nico Hülkemberg 27
62%
Alfa Romeo Zhou Guanyu 24
57%
Haas Kevin Magnussen 20
52%
Alpha Tauri Nyck de Vries 21
43%
No matching quizzes found
Score Distribution
Percent of People with Each Score
Percentile by Number Answered
Your Score History
You have not taken this quiz